| Tag |
First Indicator |
Second Indicator |
Subfields |
| LEADER |
00000cam a2200000Ia 4500 |
| 001 |
in00003458613 |
| 005 |
20171209065026.0 |
| 008 |
140827s1835 fr 000 0 fre d |
| 035 |
|
|
|a (OCoLC)ocn889339830
|
| 035 |
|
|
|a (OCoLC)889339830
|
| 040 |
|
|
|a TXA
|c TXA
|d UtOrBLW
|
| 049 |
|
|
|a TXAM
|
| 090 |
|
|
|a PQ1222
|b .M33 1834b no. 8
|
| 100 |
1 |
|
|a Villeneuve, Ferdinand de,
|d 1801-1858.
|
| 245 |
1 |
0 |
|a On ne passe pas! ou, Le poste d'honneur :
|b vaudeville en un acte /
|c de mm. De Villeneuve et Masson.
|
| 246 |
1 |
|
|i Binder's title:
|a Magasin theatral
|f [no.] 8, Année 1835
|
| 246 |
3 |
0 |
|a On ne passe pas!
|
| 246 |
3 |
0 |
|a Poste d'honneur
|
| 264 |
|
1 |
|a [Paris] :
|b [Marchant],
|c [1835?]
|
| 264 |
|
3 |
|a Paris :
|b Imprimerie de Madame de Lacombe
|
| 300 |
|
|
|a 13 pages, 1 unnumbered page ;
|c 25 cm.
|
| 336 |
|
|
|a text
|b txt
|2 rdacontent
|
| 337 |
|
|
|a unmediated
|b n
|2 rdamedia
|
| 338 |
|
|
|a volume
|b nc
|2 rdacarrier
|
| 490 |
1 |
|
|a [Magasin théâtral
|
| 500 |
|
|
|a This item is number 20 in a volume of 20 theatrical plays bound together with spine title: Magasin theatral, 8, Année 1835.
|
| 500 |
|
|
|a "Représenté pour la première fois, à Paris, sur le théâtre du Palais-Royal, le 6 juin 1835."
|
| 500 |
|
|
|a Caption title.
|
| 700 |
1 |
|
|a Masson, Michel,
|d 1800-1883,
|e author.
|
| 710 |
2 |
|
|a Théâtre du Palais-Royale (Paris, France)
|
| 830 |
|
0 |
|a Magasin théâtral.
|
| 994 |
|
|
|a C0
|b TXA
|
| 999 |
|
|
|a MARS
|
| 999 |
f |
f |
|s f6439e02-d1df-30bd-bbcc-0720ff3cf19c
|i 70dbb2c0-b433-3ed7-87ae-b411b2c2298b
|t 0
|
| 952 |
f |
f |
|p noncirc
|a Texas A&M University
|b College Station
|c Cushing Memorial Library & Archives
|d Cushing: Dawson French (Does not check out)
|t 0
|e PQ1222 .M33 1834b no. 8
|h Library of Congress classification
|i unmediated -- volume
|
| 998 |
f |
f |
|a PQ1222 .M33 1834b no. 8
|t 0
|l Cushing: Dawson French (Does not check out)
|